| 000 | 00538nam a22001817a 4500 | ||
|---|---|---|---|
| 005 | 20241001121743.0 | ||
| 008 | 240930b |||||||| |||| 00| 0 eng d | ||
| 020 | _a978-93-6180-838-8 | ||
| 041 | _aeng | ||
| 082 | _a615.19 | ||
| 100 |
_aJAYARAMAN, DR. S & MUNDADA, DR. ATISH KUMAR SHRIKISAN AND KANKATE, DR. RANI. S. _98584 |
||
| 245 | _aINDUSTRIAL PHARMACY - I : B. PHARMA 5TH SEMESTER | ||
| 250 | _a2ND ED. 2025 | ||
| 260 |
_aLUCKNOW _bTHAKUR PUBLICATION PVT.LTD |
||
| 300 | _a240;P | ||
| 650 |
_aPHARMACY _xB.PHARMA |
||
| 942 | _cBK | ||
| 999 |
_c8715 _d8713 |
||